Sustainable engineering : (رقم التسجيلة. 85578)

تفاصيل مارك
000 -الفاتح
حقل البيانات ثابتة الطول 01613cam a2200337 i 4500
001 - رقم الضبط
رقم الضبط 1012223999
003 - محدد رقم الضبط
رقم الضبط OCoLC
005 - وقت وتاريخ اخر تعامل مع التسجيلة
رقم الضبط 20230109103730.0
008 - عناصر البيانات ثابتة الطول - معلومات عامة
حقل البيانات ثابتة الطول 181012s2019 flua b 001 0 eng
010 ## - رقم ضبط مكتبة الكونجرس
رقم ضبط مكتبة الكونجرس 2018043073
020 ## - الرقم الدولى المعيارى للكتب
الرقم الدولى المعيارى للكتاب 9781498774581
Qualifying information hardcover
-- acid-free paper
020 ## - الرقم الدولى المعيارى للكتب
الرقم الدولى المعيارى للكتاب 149877458X
Qualifying information hardcover
-- acid-free paper
020 ## - الرقم الدولى المعيارى للكتب
الرقم الدولى المعيارى للكتاب الملغى /الخاطئ 9781498774598
Qualifying information electronic book
035 ## - رقم ضبط النظام
رقم ضبط النظام (OCoLC)1012223999
040 ## - مصدر الفهرسة
وكالة الفهرسة الأصلية DLC
لغة الفهرسة eng
قواعد الوصف rda
وكالة النسخ DLC
وكالة التعديل OCLCF
-- OCLCO
-- YDX
042 ## - رمز التحقق
رمز التحقق pcc
050 00 - رقم طلب مكتبة الكونجرس
رقم التصنيف TA163
رقم المادة .M85 2019
082 00 - رقم تصنيف ديوى العشرى
رقم التصنيف 620.00286
رقم الطبعة 23
رقم المادة MCS
100 1# - المدخل الرئيسى - إسم شخصى
الإسم الشخصى Mulligan, Catherine N.,
الدور author
9 (RLIN) 116062
245 10 - بيان العنوان
العنوان Sustainable engineering :
بقية العنوان principles and implementation /
بيان المسئوليه,etc Catherine N. Mulligan
264 #1 - النشر, التوزيع, ETC. (IMPRINT)
مكان الناشر او الموزع Boca Raton, FL :
اسم الناشر او الموزع CRC Press/Taylor & Francis Group, CRC Press is an imprint Taylor & Francis Group, an Informa business,
تاريخ النشر أو التوزيع [2019]
300 ## - الوصف المادى
التعداد xv, 216 pages ;
أبعاد الوعاء 25 cm
504 ## - تبصرة ببليوجرافية
تبصرة ببليوجرافية,الخ Includes bibliographical references and index
505 0# - تبصرة محتويات-الفهرس
تبصرة المحتويات المصاغة An introduction to sustainable development and engineering -- Sustainable engineering theory and concepts -- Life cycle assessment for sustainability -- Guidelines and frameworks related to sustainable engineering -- Sustainable material, energy and water use -- Management of contaminants in the environment -- Indicators for sustainable design -- Implementation of sustainable engineering practices
650 #0 - المدخل الاضافى بالموضوع-مصطلح موضوعى
مصطلح موضوعي أو اسم جغرافي كعنصر مدخل Sustainable engineering
9 (RLIN) 116063
650 #0 - المدخل الاضافى بالموضوع-مصطلح موضوعى
مصطلح موضوعي أو اسم جغرافي كعنصر مدخل Conservation of natural resources
9 (RLIN) 116064
650 #0 - المدخل الاضافى بالموضوع-مصطلح موضوعى
مصطلح موضوعي أو اسم جغرافي كعنصر مدخل Environmental protection
9 (RLIN) 116065
650 #0 - المدخل الاضافى بالموضوع-مصطلح موضوعى
مصطلح موضوعي أو اسم جغرافي كعنصر مدخل Pollution
9 (RLIN) 64926
650 #0 - المدخل الاضافى بالموضوع-مصطلح موضوعى
مصطلح موضوعي أو اسم جغرافي كعنصر مدخل Green products
9 (RLIN) 116066
942 ## - عناصر المدخل الإضافي( كوها)
مصدر التصنيف او مخطط الترفيف Dewey Decimal Classification
Koha [default] item type كتاب

لا توجد مواد متاحة.